| 000 | 00597nam a2200157Ia 4500 | ||
|---|---|---|---|
| 008 | 100122s9999 xx 000 0 und d | ||
| 082 |
_b24534 _a294.592 |
||
| 100 | _aतुकाराम | ||
| 245 | _aतुकाराम : भक्तिचा डांगोरा | ||
| 260 |
_bगणपती संस्थान प्रेस _c1962 |
||
| 300 | _a156 | ||
| 630 | _aतुकाराम : भक्तिचा डांगोरा | ||
| 700 | _aतुळपुळे ग वि | ||
| 730 | _aतुकाराम : भक्तिचा डांगोरा | ||
| 942 | _cBOOK | ||
| 999 |
_c411758 _d411755 |
||